[Event "Laval XXI"]
[Site "Laval CAN"]
[Date "2004.04.17"]
[Round "2"]
[White "Tremblay, Alain"]
[Black "Hebert, Jean"]
[Result "0-1"]
[WhiteElo "2094"]
[BlackElo "2427"]
[PlyCount "60"]
[GameId "2160767911166693"]
[EventDate "2004.04.16"]
[EventType "swiss"]
[EventRounds "5"]
[EventCountry "CAN"]
[SourceTitle "EXT 2005"]
[Source "ChessBase"]
[SourceDate "2004.11.15"]
[SourceVersion "1"]
[SourceVersionDate "2004.11.15"]
[SourceQuality "1"]

1. e4 g6 2. d4 d6 3. Nc3 c6 4. Nf3 Bg7 5. h3 b5 6. a3 a6 7. Be3 Nd7 8. Be2 Bb7 9. Qd2 Qc7 10. Rd1 c5 11. Nd5 Bxd5 12. exd5 c4 13. Ng5 Ngf6 14. Bf3 Nb6 15. Qa5 Ra7 16. Qd2 Nbxd5 17. c3 O-O 18. Ne4 Nxe4 19. Bxe4 Nxe3 20. Qxe3 Qb6 21. Ke2 a5 22. Rhe1 e6 23. Kf1 d5 24. Bc2 b4 25. Ba4 bxa3 26. bxa3 Qd6 27. Qc1 Rb8 28. Re2 Rab7 29. Qa1 Qh2 30. f3 Rb1 0-1

[Event "Laval XXI"]
[Site "Laval CAN"]
[Date "2004.04.17"]
[Round "3"]
[White "Hebert, Jean"]
[Black "Lawson, Eric"]
[Result "1-0"]
[WhiteElo "2427"]
[BlackElo "2356"]
[PlyCount "65"]
[GameId "2160767911166696"]
[EventDate "2004.04.16"]
[EventType "swiss"]
[EventRounds "5"]
[EventCountry "CAN"]
[SourceTitle "EXT 2005"]
[Source "ChessBase"]
[SourceDate "2004.11.15"]
[SourceVersion "1"]
[SourceVersionDate "2004.11.15"]
[SourceQuality "1"]

1. c4 b6 2. Nc3 Bb7 3. e4 e6 4. Nf3 Bb4 5. Bd3 Ne7 6. O-O Bxc3 7. dxc3 O-O 8. Qe2 f5 9. Bg5 fxe4 10. Bxe4 Bxe4 11. Qxe4 Nbc6 12. Rad1 h6 13. Bf4 Qc8 14. Nd4 Nxd4 15. cxd4 d5 16. cxd5 Nxd5 17. Bxh6 Qd7 18. Bg5 Rf5 19. h4 Re8 20. Rfe1 a5 21. a3 Qb5 22. Qc2 Rf7 23. Re5 Rd7 24. a4 Qb4 25. Rde1 Qxd4 26. Rxe6 Rxe6 27. Rxe6 Rf7 28. Re4 Nb4 29. Qe2 Rxf2 30. Qg4 Rxg2+ 31. Kxg2 Qxb2+ 32. Re2 Qb3 33. Re8+ 1-0

[Event "Mauricie op"]
[Site "Trois-Rivieres CAN"]
[Date "2004.03.20"]
[Round "3"]
[White "Picard, Jean"]
[Black "Hebert, Jean"]
[Result "0-1"]
[WhiteElo "2054"]
[BlackElo "2431"]
[PlyCount "70"]
[GameId "2160767911183576"]
[EventDate "2004.03.19"]
[EventType "swiss"]
[EventRounds "5"]
[EventCountry "CAN"]

1. e4 e6 2. d4 d5 3. e5 c5 4. c3 Nc6 5. Nf3 Bd7 6. Bd3 cxd4 7. cxd4 Qb6 8. O-O Nxd4 9. Nxd4 Qxd4 10. Nc3 a6 11. Re1 Rc8 12. Be3 Qh4 13. g3 Qd8 14. Qb3 Bc6 15. Rad1 Nh6 16. Ne2 Ng4 17. Bd4 Be7 18. h3 Nh6 19. Be3 Qa5 20. a3 O-O 21. Bxh6 gxh6 22. Bb1 Bb5 23. Qf3 f5 24. Nd4 Qb6 25. g4 f4 26. Nxb5 axb5 27. Qd3 Rf7 28. Rc1 Rc4 29. Ba2 Bh4 30. Qf1 Rc6 31. Re2 Rfc7 32. Rd1 b4 33. Red2 bxa3 34. bxa3 Rc3 35. Qg2 Rg3 0-1

[Event "Carnaval"]
[Site "Quebec CAN"]
[Date "2004.02.13"]
[Round "1"]
[White "Hebert, Jean"]
[Black "Ramaswamy, Kishor"]
[Result "1-0"]
[WhiteElo "2425"]
[BlackElo "2054"]
[PlyCount "101"]
[GameId "2160767911192000"]
[EventDate "2004.02.13"]
[EventType "swiss"]
[EventRounds "5"]
[EventCountry "CAN"]
[SourceTitle "EXT 2005"]
[Source "ChessBase"]
[SourceDate "2004.11.15"]
[SourceVersion "1"]
[SourceVersionDate "2004.11.15"]
[SourceQuality "1"]

1. Nf3 d5 2. c4 c6 3. b3 Nf6 4. Bb2 Bg4 5. Ne5 Bf5 6. e3 e6 7. Be2 Nbd7 8. f4 Nxe5 9. fxe5 Nd7 10. cxd5 cxd5 11. O-O Qc7 12. Na3 a6 13. d4 Be7 14. Bd3 Bxd3 15. Qxd3 O-O 16. e4 dxe4 17. Qxe4 Qc6 18. Qxc6 bxc6 19. Nc4 c5 20. Ba3 Rfe8 21. Rad1 cxd4 22. Bxe7 Rxe7 23. Rxd4 g6 24. Rd6 Ra7 25. Rc6 Nf8 26. Rd1 Rec7 27. Rdd6 Rxc6 28. Rxc6 Nd7 29. Kf2 Kf8 30. Ke3 Ke7 31. Kf4 h6 32. h4 a5 33. g4 f6 34. exf6+ Kxf6 35. g5+ hxg5+ 36. hxg5+ Ke7 37. a4 Ra8 38. Rc7 Rf8+ 39. Kg4 Rb8 40. Nxa5 Kd6 41. Ra7 Rb4+ 42. Kf3 Nc5 43. Nc4+ Kd5 44. Ne3+ Ke5 45. Ra5 Kd6 46. Nc4+ Kd5 47. Nd2 Kd4 48. Rb5 Rxb5 49. axb5 e5 50. b6 Kc3 51. Ne4+ 1-0

[Event "Carnaval"]
[Site "Quebec CAN"]
[Date "2004.02.14"]
[Round "2"]
[White "Drolet, Stephane"]
[Black "Hebert, Jean"]
[Result "0-1"]
[WhiteElo "2130"]
[BlackElo "2425"]
[PlyCount "78"]
[GameId "2160767911192009"]
[EventDate "2004.02.13"]
[EventType "swiss"]
[EventRounds "5"]
[EventCountry "CAN"]
[SourceTitle "EXT 2005"]
[Source "ChessBase"]
[SourceDate "2004.11.15"]
[SourceVersion "1"]
[SourceVersionDate "2004.11.15"]
[SourceQuality "1"]

1. Nf3 Nf6 2. d4 e6 3. Bg5 h6 4. Bh4 c5 5. c3 b6 6. e3 Bb7 7. Nbd2 Be7 8. Bxf6 Bxf6 9. Bd3 O-O 10. O-O d5 11. Qe2 Nc6 12. Rad1 Re8 13. Rfe1 e5 14. dxe5 Nxe5 15. Nxe5 Bxe5 16. Nf3 Bf6 17. Ba6 Bc6 18. Bb5 Qd7 19. Bxc6 Qxc6 20. Qc2 Rad8 21. Re2 Rd6 22. Red2 Red8 23. h3 g6 24. e4 dxe4 25. Rxd6 Rxd6 26. Rxd6 Qxd6 27. Qxe4 Qd1+ 28. Kh2 Kg7 29. Qe1 Qd5 30. a3 h5 31. Qe2 h4 32. c4 Qf5 33. b3 Qf4+ 34. g3 hxg3+ 35. fxg3 Qc1 36. a4 Qb1 37. Qe3 Qc2+ 38. Kh1 Bc3 39. Ne5 Qb1+ 0-1

[Event "Carnaval"]
[Site "Quebec CAN"]
[Date "2004.02.15"]
[Round "4"]
[White "Gravel, Simon M"]
[Black "Hebert, Jean"]
[Result "1/2-1/2"]
[WhiteElo "2226"]
[BlackElo "2425"]
[PlyCount "61"]
[GameId "2160767911192027"]
[EventDate "2004.02.13"]
[EventType "swiss"]
[EventRounds "5"]
[EventCountry "CAN"]
[SourceTitle "EXT 2005"]
[Source "ChessBase"]
[SourceDate "2004.11.15"]
[SourceVersion "1"]
[SourceVersionDate "2004.11.15"]
[SourceQuality "1"]

1. e4 c5 2. Nf3 e6 3. d4 cxd4 4. Nxd4 Nc6 5. Nc3 Nf6 6. Ndb5 d6 7. Bf4 e5 8. Bg5 a6 9. Na3 Be7 10. Nc4 Nd4 11. Bxf6 Bxf6 12. Nd5 Be6 13. Nxf6+ gxf6 14. c3 Rc8 15. Ne3 Nc6 16. Bc4 Ne7 17. Qd3 Qc7 18. Bb3 O-O 19. Rd1 Rcd8 20. O-O Kh8 21. f4 Qb6 22. Kh1 Bxb3 23. axb3 Qxb3 24. Ng4 Ng8 25. Rd2 Rfe8 26. Qf3 d5 27. exd5 e4 28. Qd1 Qb6 29. Re1 e3 30. Rde2 Qd6 31. Qd4 1/2-1/2

[Event "Carnaval"]
[Site "Quebec CAN"]
[Date "2004.02.15"]
[Round "5"]
[White "Hebert, Jean"]
[Black "Fortier, Marc-Andre"]
[Result "1-0"]
[WhiteElo "2425"]
[BlackElo "2205"]
[PlyCount "59"]
[GameId "2160767911192037"]
[EventDate "2004.02.13"]
[EventType "swiss"]
[EventRounds "5"]
[EventCountry "CAN"]
[SourceTitle "EXT 2005"]
[Source "ChessBase"]
[SourceDate "2004.11.15"]
[SourceVersion "1"]
[SourceVersionDate "2004.11.15"]
[SourceQuality "1"]

1. d4 g6 2. e4 Bg7 3. c3 d6 4. f4 e5 5. Nf3 exd4 6. cxd4 Nf6 7. Nc3 O-O 8. Bd3 c5 9. dxc5 dxc5 10. Be3 b6 11. e5 Nd5 12. Nxd5 Qxd5 13. Qe2 a5 14. Bc4 Qc6 15. Rd1 Ba6 16. Rd6 Qc7 17. O-O Bxc4 18. Qxc4 Nc6 19. Qb5 Rac8 20. Rfd1 Rfd8 21. R1d2 Rxd6 22. exd6 Qd7 23. Qxb6 Bd4 24. Bxd4 cxd4 25. Qc5 Qe6 26. Ne5 Nd8 27. Qxd4 Qxa2 28. Ng4 h5 29. Nf6+ Kf8 30. Nxh5 1-0

[Event "Montreal CC ch"]
[Site "Montreal CAN"]
[Date "2004.01.23"]
[Round "1"]
[White "Charbonneau, Anne-Marie"]
[Black "Hebert, Jean"]
[Result "0-1"]
[WhiteElo "2048"]
[BlackElo "2412"]
[PlyCount "56"]
[GameId "2160767911192241"]
[EventDate "2004.01.23"]
[EventType "swiss"]
[EventRounds "5"]
[EventCountry "CAN"]
[SourceTitle "EXT 2005"]
[Source "ChessBase"]
[SourceDate "2004.11.15"]
[SourceVersion "1"]
[SourceVersionDate "2004.11.15"]
[SourceQuality "1"]

1. d4 Nf6 2. c4 e6 3. Nc3 c5 4. d5 exd5 5. cxd5 Bd6 6. g3 O-O 7. Bg2 Re8 8. Nf3 Bc7 9. O-O d6 10. h3 Nbd7 11. Nd2 a6 12. a4 Rb8 13. Rb1 Ne5 14. b4 cxb4 15. Rxb4 Ba5 16. Rb3 Bxc3 17. Rxc3 Qa5 18. Ra3 Bd7 19. e4 Rbc8 20. Nb3 Qb4 21. Nd4 Rxc1 22. Qxc1 Qxd4 23. Rd1 Qb4 24. f3 Bxa4 25. Re1 Bb5 26. Qa1 Nxd5 27. Rb1 Qc5+ 28. Kh2 Nc4 0-1

[Event "Montreal CC ch"]
[Site "Montreal CAN"]
[Date "2004.01.24"]
[Round "2"]
[White "Hebert, Jean"]
[Black "McDonough, Jonathan"]
[Result "1-0"]
[WhiteElo "2412"]
[BlackElo "2184"]
[PlyCount "59"]
[GameId "2160767911192252"]
[EventDate "2004.01.23"]
[EventType "swiss"]
[EventRounds "5"]
[EventCountry "CAN"]
[SourceTitle "EXT 2005"]
[Source "ChessBase"]
[SourceDate "2004.11.15"]
[SourceVersion "1"]
[SourceVersionDate "2004.11.15"]
[SourceQuality "1"]

1. d4 e6 2. c4 d5 3. Nf3 Be7 4. Nc3 Nf6 5. Bf4 O-O 6. e3 c5 7. dxc5 Bxc5 8. cxd5 Nxd5 9. Nxd5 exd5 10. a3 Nc6 11. Bd3 Bg4 12. Bxh7+ Kh8 13. Bd3 Qf6 14. h3 Bh5 15. g4 d4 16. gxh5 dxe3 17. Bxe3 Rfe8 18. Qe2 Rac8 19. O-O Ne5 20. Nxe5 Rxe5 21. Rac1 Rce8 22. Rxc5 Rxc5 23. Kg2 Ree5 24. Rg1 Qc6+ 25. Kh2 Qc7 26. Rg3 Rcd5 27. Qg4 f5 28. Qc4 Qd7 29. h6 gxh6 30. Bd4 1-0

[Event "Montreal CC ch"]
[Site "Montreal CAN"]
[Date "2004.01.24"]
[Round "3"]
[White "Sullivan, Neil"]
[Black "Hebert, Jean"]
[Result "1/2-1/2"]
[WhiteElo "2092"]
[BlackElo "2412"]
[PlyCount "34"]
[GameId "2160767911200456"]
[EventDate "2004.01.23"]
[EventType "swiss"]
[EventRounds "5"]
[EventCountry "CAN"]
[SourceTitle "EXT 2005"]
[Source "ChessBase"]
[SourceDate "2004.11.15"]
[SourceVersion "1"]
[SourceVersionDate "2004.11.15"]
[SourceQuality "1"]

1. e4 e6 2. d3 d5 3. Nd2 Nf6 4. g3 dxe4 5. dxe4 Bc5 6. Bg2 Nc6 7. Ngf3 a5 8. O-O e5 9. Nc4 Qxd1 10. Rxd1 Nxe4 11. Nfxe5 Nxe5 12. Nxe5 Nxf2 13. Rd5 Ba7 14. Rxa5 Ng4+ 15. Kh1 Nf2+ 16. Kg1 Ng4+ 17. Kh1 Nf2+ 1/2-1/2

[Event "Montreal CC ch"]
[Site "Montreal CAN"]
[Date "2004.01.25"]
[Round "4"]
[White "Hebert, Jean"]
[Black "Masse, Hugues"]
[Result "1-0"]
[WhiteElo "2412"]
[BlackElo "2134"]
[PlyCount "46"]
[GameId "2160767911200458"]
[EventDate "2004.01.23"]
[EventType "swiss"]
[EventRounds "5"]
[EventCountry "CAN"]
[SourceTitle "EXT 2005"]
[Source "ChessBase"]
[SourceDate "2004.11.15"]
[SourceVersion "1"]
[SourceVersionDate "2004.11.15"]
[SourceQuality "1"]

1. Nf3 Nf6 2. c4 g6 3. Nc3 d5 4. cxd5 Nxd5 5. Qb3 Nb6 6. d4 Be6 7. Qc2 Bg7 8. Bg5 O-O 9. Rd1 Nc6 10. e3 Bf5 11. Qc1 Re8 12. Be2 Nd5 13. O-O Nxc3 14. bxc3 Qd5 15. Qb2 Na5 16. Bf4 Rac8 17. Ne5 Bxe5 18. Bxe5 b6 19. Ba6 Ra8 20. Bxc7 Bd7 21. Bg3 Qc6 22. d5 Qc5 23. Qb4 Bg4 1-0

[Event "Montcalm op"]
[Site "Quebec CAN"]
[Date "2004.01.09"]
[Round "1"]
[White "Dorion, Francois"]
[Black "Hebert, Jean"]
[Result "0-1"]
[WhiteElo "1869"]
[BlackElo "2430"]
[PlyCount "52"]
[GameId "2160767911208867"]
[EventDate "2004.01.09"]
[EventType "swiss"]
[EventRounds "5"]
[EventCountry "CAN"]
[SourceTitle "EXT 2006"]
[Source "ChessBase"]
[SourceDate "2005.11.24"]
[SourceVersion "1"]
[SourceVersionDate "2005.11.24"]
[SourceQuality "1"]

1. b3 c5 2. Bb2 Nc6 3. e3 e5 4. c4 Nf6 5. Nc3 d5 6. cxd5 Nxd5 7. Bb5 Ndb4 8. Nf3 Nd3+ 9. Bxd3 Qxd3 10. Qb1 Qa6 11. Nd5 Bd6 12. d3 Be6 13. e4 Bxd5 14. exd5 Nb4 15. O-O f6 16. d4 cxd4 17. Bxd4 O-O 18. Bb2 Nxd5 19. Qf5 Nf4 20. g3 Qd3 21. Qxd3 Nxd3 22. Rfd1 Nxb2 23. Rxd6 Rfd8 24. Rxd8+ Rxd8 25. Rb1 Rd1+ 26. Rxd1 Nxd1 0-1

[Event "Montcalm op"]
[Site "Quebec CAN"]
[Date "2004.01.10"]
[Round "2"]
[White "Hebert, Jean"]
[Black "Beaudoin, Stephane"]
[Result "1/2-1/2"]
[WhiteElo "2430"]
[BlackElo "2026"]
[PlyCount "122"]
[GameId "2160767911208874"]
[EventDate "2004.01.09"]
[EventType "swiss"]
[EventRounds "5"]
[EventCountry "CAN"]
[SourceTitle "EXT 2006"]
[Source "ChessBase"]
[SourceDate "2005.11.24"]
[SourceVersion "1"]
[SourceVersionDate "2005.11.24"]
[SourceQuality "1"]

1. Nf3 Nf6 2. c4 c5 3. Nc3 d5 4. cxd5 Nxd5 5. d4 e6 6. e4 Nb6 7. Bg5 f6 8. Be3 cxd4 9. Nxd4 Bb4 10. Qh5+ g6 11. Qb5+ Nc6 12. Nxc6 Bxc3+ 13. bxc3 bxc6 14. Qxc6+ Bd7 15. Qd6 Rc8 16. Rb1 Rc6 17. Qb4 Qc7 18. Bb5 Rxc3 19. O-O Bxb5 20. Qxb5+ Kf7 21. Bxb6 axb6 22. Qxb6 Ra8 23. Qxc7+ Rxc7 24. Rb2 Ra4 25. f3 g5 26. Rd1 Rca7 27. Rdd2 h5 28. Kf2 Kg6 29. h3 h4 30. Ke1 g4 31. hxg4 Kg5 32. Kd1 Kf4 33. Kc1 Kg3 34. Kb1 Rc4 35. Rd1 Kh2 36. Re1 Raa4 37. e5 fxe5 38. Rxe5 Rab4 39. Ree2 e5 40. Rxb4 Rxb4+ 41. Kc2 Kg3 42. Kc3 Rb1 43. a4 Rg1 44. a5 Ra1 45. Kb4 Rb1+ 46. Kc5 Rc1+ 47. Kb6 Rb1+ 48. Ka7 Rb5 49. Ka6 Rb1 50. g5 Rd1 51. Kb7 Rb1+ 52. Kc6 Ra1 53. Kd6 Rxa5 54. Ke6 e4 55. fxe4 Rxg5 56. Kf6 Rg4 57. e5 Kh2 58. e6 Rxg2 59. Re4 h3 60. e7 Rg8 61. Rd4 Re8 1/2-1/2

[Event "Montcalm op"]
[Site "Quebec CAN"]
[Date "2004.01.10"]
[Round "3"]
[White "Hebert, Jean"]
[Black "Caire, Francois"]
[Result "1-0"]
[WhiteElo "2430"]
[BlackElo "2075"]
[PlyCount "123"]
[GameId "2160767911208878"]
[EventDate "2004.01.09"]
[EventType "swiss"]
[EventRounds "5"]
[EventCountry "CAN"]
[SourceTitle "EXT 2006"]
[Source "ChessBase"]
[SourceDate "2005.11.24"]
[SourceVersion "1"]
[SourceVersionDate "2005.11.24"]
[SourceQuality "1"]

1. Nf3 Nf6 2. c4 e6 3. Nc3 Bb4 4. g3 b6 5. Bg2 Bb7 6. O-O O-O 7. d4 Bxc3 8. bxc3 d6 9. Bh3 Nbd7 10. Nd2 c5 11. f3 d5 12. cxd5 exd5 13. Nb3 Re8 14. Bg5 Qc7 15. Bf4 Qc6 16. dxc5 Nxc5 17. Nd4 Qa4 18. Qd2 Bc8 19. Bxc8 Raxc8 20. Nf5 Re6 21. Nd4 Ree8 22. Rab1 Ne6 23. Be3 Nxd4 24. Bxd4 Qc6 25. Rfd1 Rcd8 26. Qd3 Re6 27. Rb4 Nd7 28. Kf2 f6 29. Qb5 Ne5 30. a4 Red6 31. Bxe5 fxe5 32. Qxc6 Rxc6 33. Rb5 Rc5 34. Rxc5 bxc5 35. c4 d4 36. Rb1 Rd7 37. Rb5 Rc7 38. Ke1 Kf7 39. Kd2 Ke6 40. Kd3 Kd6 41. Ke4 Rc6 42. a5 Ra6 43. Kf5 Rc6 44. h4 Rc7 45. Ke4 g6 46. Rb8 Rd7 47. a6 Re7 48. Rc8 Re6 49. Ra8 Re7 50. Rf8 Ke6 51. g4 Rc7 52. g5 Rd7 53. Re8+ Kd6 54. Rxe5 Rf7 55. Re8 Rd7 56. f4 Rf7 57. Kf3 Kd7 58. Rb8 Kd6 59. Rb7 Rxb7 60. axb7 Kc7 61. f5 gxf5 62. h5 1-0

[Event "Montcalm op"]
[Site "Quebec CAN"]
[Date "2004.01.11"]
[Round "4"]
[White "Hebert, Jean"]
[Black "Tessier, Olivier"]
[Result "1/2-1/2"]
[WhiteElo "2430"]
[BlackElo "2112"]
[PlyCount "107"]
[GameId "2160767911208883"]
[EventDate "2004.01.09"]
[EventType "swiss"]
[EventRounds "5"]
[EventCountry "CAN"]
[SourceTitle "EXT 2006"]
[Source "ChessBase"]
[SourceDate "2005.11.24"]
[SourceVersion "1"]
[SourceVersionDate "2005.11.24"]
[SourceQuality "1"]

1. d4 c5 2. d5 Nf6 3. c4 b5 4. cxb5 a6 5. b6 e6 6. Nc3 Bb7 7. e4 exd5 8. exd5 d6 9. a4 Qxb6 10. a5 Qc7 11. Nf3 Be7 12. Bc4 O-O 13. O-O Nbd7 14. h3 h6 15. Bf4 Ne5 16. Nxe5 dxe5 17. Bh2 Bd6 18. f3 Nd7 19. Ne4 f5 20. Nxd6 Qxd6 21. Re1 Rae8 22. Qb3 Ba8 23. Re2 Rf7 24. Rae1 g6 25. Qc3 Rfe7 26. g4 Bb7 27. Qb3 Bc8 28. Qd3 Rf8 29. Qc3 Rfe8 30. Bd3 f4 31. Kg2 Bb7 32. Rd2 Rc8 33. Be4 Kf7 34. Qc2 Kg7 35. Bg1 c4 36. Red1 Nf6 37. Bb6 Nxe4 38. fxe4 Qb4 39. Qc3 Qb5 40. Re1 Kf7 41. Kf3 Kf8 42. Rc1 Kf7 43. Kf2 Kf8 44. Qa3 Kf7 45. Qd6 Rce8 46. Rc3 Rd7 47. Qa3 Rc8 48. Qa1 Bxd5 49. exd5 Rxd5 50. Qd1 Qxb2 51. Rcc2 Rxd2+ 52. Qxd2 Qb5 53. Qd6 c3 54. h4 1/2-1/2

[Event "Montcalm op"]
[Site "Quebec CAN"]
[Date "2004.01.11"]
[Round "5"]
[White "Gauthier, Denis"]
[Black "Hebert, Jean"]
[Result "0-1"]
[WhiteElo "2015"]
[BlackElo "2430"]
[PlyCount "44"]
[GameId "2160767911208890"]
[EventDate "2004.01.09"]
[EventType "swiss"]
[EventRounds "5"]
[EventCountry "CAN"]

1. d4 Nf6 2. c4 e6 3. Nf3 b6 4. e3 Bb7 5. Bd3 d5 6. Nbd2 Nbd7 7. O-O c5 8. b3 Be7 9. Bb2 O-O 10. Qe2 cxd4 11. exd4 Rc8 12. Rac1 Rc7 13. Ne5 dxc4 14. bxc4 Nxe5 15. Qxe5 Rd7 16. Rfd1 Qa8 17. f3 Rfd8 18. Ne4 Nxe4 19. fxe4 Bf6 20. Qh5 Bxd4+ 21. Bxd4 Rxd4 22. Qf3 f5 0-1

[Event "Premiere Neige"]
[Site "Montreal CAN"]
[Date "2003.12.12"]
[Round "1"]
[White "Bouchard, Jean-Marc"]
[Black "Hebert, Jean"]
[Result "0-1"]
[WhiteElo "1947"]
[BlackElo "2443"]
[PlyCount "36"]
[GameId "2160767911225973"]
[EventDate "2003.12.12"]
[EventType "swiss"]
[EventRounds "5"]
[EventCountry "CAN"]
[SourceTitle "EXT 2006"]
[Source "ChessBase"]
[SourceDate "2005.11.24"]
[SourceVersion "1"]
[SourceVersionDate "2005.11.24"]
[SourceQuality "1"]

1. Nf3 c5 2. g3 Nc6 3. d4 cxd4 4. Nxd4 Qa5+ 5. Nc3 Nf6 6. Bg2 e6 7. O-O Nxd4 8. Qxd4 d6 9. b4 Qd8 10. b5 Be7 11. a4 O-O 12. Ba3 Qc7 13. Bb4 Rd8 14. a5 e5 15. Qd2 Be6 16. e4 Rac8 17. Rfe1 Qd7 18. b6 Rc4 0-1

[Event "Premiere Neige"]
[Site "Montreal CAN"]
[Date "2003.12.13"]
[Round "2"]
[White "Hebert, Jean"]
[Black "Dupuis, Stephane"]
[Result "1-0"]
[WhiteElo "2443"]
[BlackElo "2151"]
[PlyCount "53"]
[GameId "2160767911225978"]
[EventDate "2003.12.12"]
[EventType "swiss"]
[EventRounds "5"]
[EventCountry "CAN"]
[SourceTitle "EXT 2006"]
[Source "ChessBase"]
[SourceDate "2005.11.24"]
[SourceVersion "1"]
[SourceVersionDate "2005.11.24"]
[SourceQuality "1"]

1. Nf3 Nc6 2. d4 d5 3. c4 e6 4. Nc3 Nf6 5. Bg5 Bb4 6. e3 h6 7. Bh4 a6 8. Bd3 O-O 9. O-O g5 10. Bg3 Nh5 11. e4 Nxg3 12. hxg3 dxc4 13. Bxc4 b5 14. Bb3 g4 15. d5 gxf3 16. dxc6 Bxc3 17. bxc3 fxg2 18. Kxg2 Qf6 19. Qh5 e5 20. f4 Be6 21. fxe5 Qg5 22. Qxg5+ hxg5 23. Rad1 Bg4 24. Rd2 Rae8 25. Rd5 Re7 26. e6 fxe6 27. Rxg5+ 1-0

[Event "Premiere Neige"]
[Site "Montreal CAN"]
[Date "2003.12.14"]
[Round "4"]
[White "Hebert, Jean"]
[Black "Mikanovic, Goran"]
[Result "0-1"]
[WhiteElo "2443"]
[BlackElo "2281"]
[PlyCount "120"]
[GameId "2160767911225992"]
[EventDate "2003.12.12"]
[EventType "swiss"]
[EventRounds "5"]
[EventCountry "CAN"]
[SourceTitle "EXT 2006"]
[Source "ChessBase"]
[SourceDate "2005.11.24"]
[SourceVersion "1"]
[SourceVersionDate "2005.11.24"]
[SourceQuality "1"]

1. Nf3 Nf6 2. c4 b6 3. g3 c5 4. Bg2 Bb7 5. Nc3 e6 6. O-O Be7 7. Re1 d6 8. e4 a6 9. d4 cxd4 10. Nxd4 Qc7 11. Be3 Nbd7 12. Rc1 O-O 13. f4 h5 14. h3 Rac8 15. f5 e5 16. Nd5 Qd8 17. Nb3 Bxd5 18. exd5 h4 19. g4 Nh7 20. Bf2 Bg5 21. Rc3 Bf4 22. Nd2 a5 23. Ne4 Nc5 24. a3 Ra8 25. b4 axb4 26. axb4 Nxe4 27. Rxe4 Nf6 28. Re2 Nd7 29. Qb1 Qf6 30. Be4 Qh6 31. Ra2 Bd2 32. Rb3 Qf4 33. Rxa8 Rxa8 34. Rf3 Qh6 35. Rb3 Qg5 36. Qc2 Ra1+ 37. Kg2 Nf6 38. Bf3 Qf4 39. Bxh4 Rc1 40. Qa2 Qxc4 41. Qxd2 Rc2 42. Rb2 Rxd2+ 43. Rxd2 e4 44. Be2 Qxb4 45. Rd1 Qb2 46. Kf2 Nd7 47. Bg3 Ne5 48. Bxe5 Qxe5 49. Ke3 Qg3+ 50. Kxe4 Qxh3 51. Rd3 Qg2+ 52. Ke3 Qg1+ 53. Kd2 Qc5 54. Bd1 b5 55. Ke2 Kf8 56. Kf1 Qc1 57. Ke2 Ke7 58. Kf3 Kf6 59. Ke4 Kg5 60. Kf3 Qf4+ 0-1

[Event "Quebec-ch classe"]
[Site "Repentigny CAN"]
[Date "2003.11.21"]
[Round "1"]
[White "Hebert, Jean"]
[Black "St Amand, Paul Jr"]
[Result "1-0"]
[WhiteElo "2450"]
[BlackElo "2066"]
[PlyCount "141"]
[GameId "2160767911234400"]
[EventDate "2003.11.21"]
[EventType "swiss"]
[EventRounds "5"]
[EventCountry "CAN"]
[SourceTitle "EXT 2022"]
[Source "ChessBase"]
[SourceDate "2021.10.06"]
[SourceVersion "1"]
[SourceVersionDate "2021.10.06"]
[SourceQuality "1"]

1. Nf3 c5 2. c4 Nf6 3. Nc3 Nc6 4. g3 e6 5. Bg2 d5 6. cxd5 Nxd5 7. O-O Be7 8. d4 O-O 9. e4 Nxc3 10. bxc3 b6 11. Bf4 Ba6 12. Re1 Bd6 13. Qa4 Na5 14. Be3 b5 15. Qd1 Nc4 16. Bg5 Be7 17. Bxe7 Qxe7 18. Bf1 cxd4 19. Bxc4 bxc4 20. Nxd4 Qd7 21. a4 Rab8 22. Qh5 Rb2 23. Qa5 Qb7 24. Rad1 Qb6 25. Qxb6 Rxb6 26. Nc2 Rb3 27. Nb4 Bc8 28. a5 Rxc3 29. Rc1 Rxc1 30. Rxc1 Bb7 31. Rxc4 Rc8 32. Rxc8+ Bxc8 33. f4 Bb7 34. e5 Kf8 35. Kf2 Ke7 36. Ke3 Kd7 37. Kd4 Kc7 38. Kc5 f6 39. Nc2 fxe5 40. fxe5 a6 41. Nb4 Bc8 42. h4 Bb7 43. Nd3 Bf3 44. Nb4 Bb7 45. Nc2 Bg2 46. Nd4 Bd5 47. Nf5 g6 48. Nd6 Bc6 49. Nf7 Bd7 50. Ng5 h5 51. Nf3 Bc6 52. Nd4 Bd5 53. Nc2 Bf3 54. Nb4 Bb7 55. Kd4 Bc8 56. Ke4 Kd7 57. Kf4 Ke7 58. Kg5 Kf7 59. Kh6 Bb7 60. Nd3 Bf3 61. Nc5 Be2 62. Ne4 Bd3 63. Nd6+ Kf8 64. Nb7 Kf7 65. Nc5 Be2 66. Ne4 Bd3 67. Ng5+ Ke7 68. Kg7 Bf5 69. Nf3 Bd3 70. Nd4 Be4 71. Nb3 1-0

[Event "Quebec-ch classe"]
[Site "Repentigny CAN"]
[Date "2003.11.22"]
[Round "2"]
[White "Sauve, Richard"]
[Black "Hebert, Jean"]
[Result "0-1"]
[WhiteElo "1921"]
[BlackElo "2450"]
[PlyCount "98"]
[GameId "2160767911234415"]
[EventDate "2003.11.21"]
[EventType "swiss"]
[EventRounds "5"]
[EventCountry "CAN"]
[SourceTitle "EXT 2022"]
[Source "ChessBase"]
[SourceDate "2021.10.06"]
[SourceVersion "1"]
[SourceVersionDate "2021.10.06"]
[SourceQuality "1"]

1. d4 Nf6 2. c4 e6 3. Nc3 Bb4 4. Qc2 O-O 5. a3 Bxc3+ 6. Qxc3 b6 7. Bg5 Bb7 8. e3 d6 9. f3 Nbd7 10. Bd3 c5 11. Ne2 Qc7 12. O-O Rfe8 13. Rac1 Rac8 14. Qd2 a6 15. e4 cxd4 16. Nxd4 h6 17. Be3 Ne5 18. Be2 Red8 19. Rfd1 Rb8 20. Qe1 Ng6 21. b4 Bc8 22. Rc3 e5 23. Nb3 Be6 24. Rdc1 Ne7 25. Qh4 Kh7 26. Qf2 Nd7 27. Nd2 a5 28. Nf1 axb4 29. axb4 Nc6 30. Rb1 Rf8 31. Ng3 Ne7 32. Rcc1 Rfc8 33. Bf1 Ra8 34. Qb2 Ra4 35. Ra1 Rca8 36. Rxa4 Rxa4 37. Qd2 Nc8 38. h3 Qa7 39. Kh2 Ra2 40. Rc2 Ra3 41. Rc3 Qa4 42. Rxa3 Qxa3 43. Bg1 g6 44. Be3 h5 45. f4 exf4 46. Bxf4 Ne5 47. b5 Qc5 48. Qd1 Qf2 49. Be2 Qxf4 0-1

[Event "Quebec-ch classe"]
[Site "Repentigny CAN"]
[Date "2003.11.22"]
[Round "3"]
[White "Hebert, Jean"]
[Black "Roussel-Roozmon, Thomas"]
[Result "1/2-1/2"]
[WhiteElo "2450"]
[BlackElo "2389"]
[PlyCount "25"]
[GameId "2160767911234420"]
[EventDate "2003.11.21"]
[EventType "swiss"]
[EventRounds "5"]
[EventCountry "CAN"]
[SourceTitle "EXT 2022"]
[Source "ChessBase"]
[SourceDate "2021.10.06"]
[SourceVersion "1"]
[SourceVersionDate "2021.10.06"]
[SourceQuality "1"]

1. e4 c5 2. Nf3 Nc6 3. Bb5 g6 4. O-O Bg7 5. c3 Nf6 6. Re1 O-O 7. h3 a6 8. Bf1 e5 9. d4 exd4 10. cxd4 d5 11. e5 Nd7 12. dxc5 Ndxe5 13. Nxe5 1/2-1/2